header

Modular representation theory of finite groups (Record no. 213164)

MARC details
000 -LEADER
fixed length control field 01481nam a2200349Ia 4500
082 04 - DEWEY DECIMAL CLASSIFICATION NUMBER
Classification number 512/.2
245 00 - TITLE STATEMENT
Title Modular representation theory of finite groups
260 ## - PUBLICATION, DISTRIBUTION, ETC. (IMPRINT)
Place of publication Berlin ;
-- New York :
Name of publisher W. de Gruyter,
Year of publication 2001.
300 ## - PHYSICAL DESCRIPTION
Number of Pages xii, 262 p.
650 #0 - SUBJECT ADDED ENTRY--TOPICAL TERM
Topical Term Finite groups
Topical Term Representations of groups
700 1# - ADDED ENTRY--PERSONAL NAME
Personal name Collins, Michael J.
Personal name Parshall, Brian,
Personal name Scott, L. L.
856 40 - ELECTRONIC LOCATION AND ACCESS
Uniform Resource Identifier http://site.ebrary.com/lib/rucke/Doc?id=10597884

No items available.

© 2026 Rongo University
Contact us: librarian | system librarian | Rongo university